| 000 | 00467nam a2200169Ia 4500 | ||
|---|---|---|---|
| 999 |
_c19349 _d19349 |
||
| 003 | OSt | ||
| 005 | 20200701122535.0 | ||
| 008 | 190216s9999||||xx |||||||||||||| ||und|| | ||
| 040 | _coclc | ||
| 082 |
_a909.8 _bPAL/D |
||
| 100 |
_aPalmer, Alan _93362 |
||
| 245 | 0 |
_aDictionary Of Modern History / _cAlan Palmer |
|
| 260 |
_bPenguin Books, _c1983. |
||
| 300 | _a315p | ||
| 650 | _aWorld History | ||
| 942 |
_cBK _2ddc _h909.8 _iPAL/D _k909.8 _mPAL/D |
||